书目信息 |
| 题名: |
内向者沟通圣经
|
|
| 作者: | 康维勒 著 ;魏瑞莉 译 | |
| 分册: | ||
| 出版信息: | 北京 北京联合出版公司 2017 |
|
| 页数: | 17,171页 | |
| 开本: | 23cm | |
| 丛书名: | ||
| 单 册: | ||
| 中图分类: | C912.11-49 , C912.11 | |
| 科图分类: | ||
| 主题词: | 心理交往--通俗读物 | |
| 电子资源: | ||
| ISBN: | 978-7-5502-9050-1 | |
| 000 | 01113nam0 2200265 450 | |
| 001 | 231 | |
| 005 | 20180520202344.70 | |
| 010 | @a978-7-5502-9050-1@dCNY42.00 | |
| 100 | @a20170328d2017 em y0chiy50 ea | |
| 101 | 1 | @achi@ceng |
| 102 | @aCN@b110000 | |
| 105 | @ay z 000yy | |
| 200 | 1 | @a内向者沟通圣经@9nei xiang zhe gou tong sheng jing@dThe introverted leader@f(美)珍妮弗·康维勒(Jennifer Kahnweiler)著@g魏瑞莉译@zeng |
| 210 | @a北京@c北京联合出版公司@d2017 | |
| 215 | @a17,171页@d23cm | |
| 300 | @a后浪 | |
| 330 | @a本书为内向者量身定做,指导内向者发挥自身优势,逆袭职场。作者为内向者量身打造了简单易行的“4P”法——Preparation(准备)、Presence(展示)、Push(推动)、Practice(练习)。通过这四个步骤,将发掘出自身的优势,获取“安静的力量”,轻松搞定职场中的种种难题,让内向者的职场身价翻三番。 | |
| 510 | 1 | @aIntroverted leader@zeng |
| 606 | 0 | @a心理交往@j通俗读物 |
| 690 | @aC912.11-49@v5 | |
| 690 | @aC912.11@v4 | |
| 701 | 0 | @c(美)@a康维勒@9kang wei le@c(女,Kahnweiler, Jennifer)@4著 |
| 702 | 0 | @a魏瑞莉@9wei rui li@4译 |
| 801 | 0 | @aCN@b91MARC@c20170328 |
| 905 | @aMuseLib@dC912.11@e1306 | |
| 内向者沟通圣经=The introverted leader/(美)珍妮弗·康维勒(Jennifer Kahnweiler)著/魏瑞莉译.-北京:北京联合出版公司,2017 |
| 17,171页;23cm |
| 后浪 |
| ISBN 978-7-5502-9050-1:CNY42.00 |
| 本书为内向者量身定做,指导内向者发挥自身优势,逆袭职场。作者为内向者量身打造了简单易行的“4P”法——Preparation(准备)、Presence(展示)、Push(推动)、Practice(练习)。通过这四个步骤,将发掘出自身的优势,获取“安静的力量”,轻松搞定职场中的种种难题,让内向者的职场身价翻三番。 |
| ● |
| 相关链接 |
|
|
|
|
正题名:内向者沟通圣经
索取号:C912.11/1306
 
预约/预借
| 序号 | 登录号 | 条形码 | 馆藏地/架位号 | 状态 | 备注 |
| 1 | 1101318 | 211013188 | 第一样本阅览室/ [索取号:C912.11/1306] | 在馆 | |
| 2 | 1101319 | 211013197 | 教育系资料室/ [索取号:C912.11/1306] | 在馆 | |
| 3 | 1101320 | 211013204 | 教育系资料室/ [索取号:C912.11/1306] | 在馆 | |
| 4 | 1101321 | 211013213 | 教育系资料室/ [索取号:C912.11/1306] | 在馆 | |
| 5 | 1101322 | 211013222 | 第一借阅区/ [索取号:C912.11/1306] | 在馆 | |
| 6 | 1101323 | 211013231 | 第一借阅区/ [索取号:C912.11/1306] | 在馆 |